00678nam a22002057a 450000500170000001000140001702000260003102000230005703500130008003700130009308200100010610000230011624500660013926000580020526000420026327000410030527000530034630000230039950000500042220100723163741.0 aENG-96664 a9788124604885c160.00 a8124604886c160.00 aEN-80197 bDBAD/PUB a810.8 aGhani, Shaik Abdul aSanskrit literature renderd into Urdu /cby Shaik Abdul Ghani aHyaderabadbSanskrit Academy Osmania Universityc2009 aNew DelhibD. K. Printworld (P)c2009 aOsmnia University bHYDRABADe500007 asRIKUNJ, f-52, Bali Nagar bNew Delhi e110015 a110 p.c24cm (pbk) aIncludes bibliographical references and index